|
|
|
|
| LEADER |
00000naa2a2200000 4500 |
| 001 |
630343 |
| 005 |
20240116144145.0 |
| 035 |
|
|
|a (RuTPU)RU\TPU\conf\31335
|
| 035 |
|
|
|a RU\TPU\conf\31334
|
| 090 |
|
|
|a 630343
|
| 100 |
|
|
|a 20191029d2019 k y0rusy50 ca
|
| 101 |
0 |
|
|a rus
|
| 102 |
|
|
|a RU
|
| 105 |
|
|
|a y z 101zy
|
| 135 |
|
|
|a drcn ---uucaa
|
| 181 |
|
0 |
|a i
|
| 182 |
|
0 |
|a b
|
| 200 |
1 |
|
|a Факторный и регрессионный анализ социально-экономических показателей, оказывающих влияние на ожидаемую продолжительность жизни
|f А. О. Курникова, М. Л. Шинкеев
|
| 203 |
|
|
|a Текст
|c электронный
|
| 225 |
1 |
|
|a Математическое моделирование в фундаментальных и прикладных исследованиях
|
| 300 |
|
|
|a Заглавие с экрана
|
| 320 |
|
|
|a [Библиогр.: с. 91 (2 назв.)]
|
| 463 |
|
0 |
|0 (RuTPU)RU\TPU\conf\30850
|t Физико-технические проблемы в науке, промышленности и медицине (ФТПНПМ-2019)
|o сборник научных трудов Международной научно-практической конференции студентов, аспирантов и молодых ученых, г. Томск, 30 сентября - 04 октября 2019 г.
|f Национальный исследовательский Томский политехнический университет (ТПУ) ; под ред. А. Г. Горюнова [и др.]
|v [С. 91]
|d 2019
|
| 610 |
1 |
|
|a труды учёных ТПУ
|
| 610 |
1 |
|
|a электронный ресурс
|
| 610 |
1 |
|
|a факторный анализ
|
| 610 |
1 |
|
|a регрессионный анализ
|
| 610 |
1 |
|
|a социально-экономические показатели
|
| 610 |
1 |
|
|a продолжительность жизни
|
| 610 |
1 |
|
|a ожидаемые результаты
|
| 610 |
1 |
|
|a математическое моделирование
|
| 700 |
|
1 |
|a Курникова
|b А. О.
|
| 701 |
|
1 |
|a Шинкеев
|b М. Л.
|c математик
|c доцент Томского политехнического университета, кандидат физико-математических наук
|f 1961-
|g Михаил Леонидович
|3 (RuTPU)RU\TPU\pers\28124
|9 13082
|
| 712 |
0 |
2 |
|a Национальный исследовательский Томский политехнический университет
|b Инженерная школа ядерных технологий
|b Отделение экспериментальной физики
|3 (RuTPU)RU\TPU\col\23549
|
| 801 |
|
2 |
|a RU
|b 63413507
|c 20191112
|g RCR
|
| 856 |
4 |
|
|u http://earchive.tpu.ru/handle/11683/56760
|
| 942 |
|
|
|c BK
|